[Event "ARM-ch (Women) 79th"]
[Site "Yerevan"]
[Date "2024.01.12"]
[Round "1"]
[White "Stepanyan, Alvard"]
[Black "Harutyunyan, Meline"]
[Result "1-0"]
[WhiteElo "1514"]
[BlackElo "1536"]
[PlyCount "87"]
[EventDate "2024.01.12"]
[EventType "tourn"]
[EventRounds "9"]
[EventCountry "ARM"]
[SourceTitle "CB09_2024"]
[SourceDate "2024.02.28"]
[SourceVersion "1"]
[SourceVersionDate "2024.02.28"]
[SourceQuality "1"]

1. d4 d5 2. c4 e6 3. Nc3 Nf6 4. Nf3 Be7 5. Bf4 0-0 6. e3 a6 7. c5 Nh5 8. Bd3 Nxf4 9. exf4 Nc6 10. a3 Bf6 11. Bc2 g6 12. 0-0 Bg7 13. g3 Nb8 14. h4 Nd7 15. h5 b6 16. hxg6 hxg6 17. cxb6 c5 18. dxc5 Nxc5 19. Ne2 Qxb6 20. b4 Nd7 21. Rb1 Bb7 22. Ned4 e5 23. Ba4 exd4 24. Bxd7 Rad8 25. Bh3 Bc8 26. Bxc8 Rxc8 27. Rc1 Rc3 28. Ne5 Bxe5 29. fxe5 Rfc8 30. Qd2 Qc6 31. Rcd1 d3 32. Qe3 Qc4 33. e6 d4 34. exf7+ Kxf7 35. Qf4+ Kg8 36. Rfe1 Rf8 37. Qg4 Kg7 38. Re7+ Rf7 39. Rxf7+ Kxf7 40. Qd7+ Kf6 41. Re1 Qc6 42. Qe7+ Kf5 43. Re5+ Kg4 44. Qg5+ 1-0